00453cam a2200169ua 45000010005000000080039000050200018000440400009000620820008000711000034000792450055001132500012001682600045001803000010002256530018002356530030002535978131030n ii |||gr||||Z||||||eng a81-7339-175-0 cMAIN a909 aBaruah,Prafulla Kr.,eAuthor. aBishwar Buranji Since 1919cbu Prafulla Kr. Baruah b1st ed. aDibrugarh:bBanalata Publicatons,c1997. a271p. aWorld history aBiswar Buranji Since 1919